00844nam a2200253 a 450000100060000000300080000600500170001400800410003103500230007203500190009503500170011404000370013104100080016808200220017610000540019824500460025226000530029830000330035149000410038450400410042565000380046665100440050483000420054842627BD-RjUL20211209053552.0160614s1942 nyua b 001 0 eng  a(OCoLC)ocm00504857 a(BD-RjUL)42745 a(NNC)1635305 aDLCcWSUdNRCdOCLdBD-RjULbeng aeng a329219bSCP 19421 aSchattschneider, E. E.q(Elmer Eric),d1892-1971.10aParty government /cE. E. Schattschneider aNew York :bHolt, Rinehart and Winston,c[c1942] axv, 219 p.:billus.;c20 cm.1 aAmerican government in action series a"Selected bibliography": p. 211-214. 0aPolitical partieszUnited States. 0aUnited StatesxPolitics and government. 0aAmerican government in action series.